| 000 | 00467nam a22001817a 4500 | ||
|---|---|---|---|
| 003 | CEME | ||
| 005 | 20210628202350.0 | ||
| 008 | 210302b xxu||||| |||| 00| 0 eng d | ||
| 020 | _a0-8247-9027-8 | ||
| 040 | _c. | ||
| 082 | _a35939 BAY | ||
| 100 |
_aBayer, Raymond.G _958717 |
||
| 245 | _aMechanical wear prediction and prevention | ||
| 260 |
_aNEW YORK _bMARCEEL DEKKER ASTM _c1994 |
||
| 300 | _aIX,657P | ||
| 650 |
_aMECHANICAL WEAR _917313 |
||
| 942 |
_cBK _2ddc |
||
| 999 |
_c569519 _d569519 |
||